000 00749nam a2200217Ia 4500
003 GCL
005 20240530101915.0
008 140319s9999 xx 000 0 ara d
040 _aGCL /
_cGCL
082 0 4 _a219.3\
_bع ا
100 1 _aعبدالحميد متولى
245 1 0 _aازمة الفكر السياسى الاسلامى فى العصر الحديث مظاهرها اسبابها علاجها /
_cعبدالحميد متولى
260 _a[S.N] :
_bالهيئة المصرية العامة للكتاب ،
_c1985
300 _a314 ص
650 0 4 _aالعصر الحديث
650 0 4 _aالاسلام
650 0 4 _aالسياسة
650 0 4 _aالاجتماع
700 1 _aعبدالحليم محمود
942 _2ddc
_cBK
999 _c28614
_d28614